[Event "AUT_chT 2012/13"]
[Site "Hohenems"]
[Date "2013.03.23"]
[Round "10"]
[Board "3"]
[White "Kuljasevic, Davorin"]
[Black "Naumann, Alexander"]
[Result "1/2-1/2"]
[WhiteElo "2564"]
[BlackElo "2540"]
[PlyCount "119"]
[EventDate "2012.11.02"]
[EventType "team"]
[EventRounds "11"]
[EventCountry "AUT"]
[WhiteTeam "ASVOE Fundermax St.Veit"]
[BlackTeam "SK Hohenems"]

1. Nf3 g6 2. e4 c5 3. c4 Nc6 4. d4 cxd4 5. Nxd4 Nf6 6. Nc3 Nxd4 
7. Qxd4 d6 8. Bg5 Bg7 9. Be2 O-O 10. Qd2 Be6 11. Rc1 Qa5 12. f3 Rfc8 
13. b3 a6 14. Na4 Qxd2+ 15. Kxd2 Nd7 16. g4 Kf8 17. h4 Bd4 18. Be3 Bxe3+ 
19. Kxe3 f6 20. f4 Kg7 21. g5 Rab8 22. gxf6+ Kxf6 23. Nc3 Kg7 24. Nd5 Nf6 
25. Kd4 Kf7 26. Nxf6 exf6 27. Rhg1 Ke7 28. h5 Bf7 29. Rc3 b6 30. hxg6 hxg6 
31. Rh3 Rh8 32. Rgh1 Rxh3 33. Rxh3 a5 34. Rh7 Rg8 35. f5 g5 36. Bh5 Rf8 
37. Rg7 Ke8 38. Bg6 Ke7 39. a3 Ke8 40. b4 axb4 41. axb4 Ke7 42. c5 bxc5+ 
43. bxc5 dxc5+ 44. Kxc5 Rc8+ 45. Kd4 Rd8+ 46. Kc5 Rc8+ 47. Kb6 Rf8 48. Kc7 g4 
49. Kc6 Rc8+ 50. Kb6 Rf8 51. Kc5 g3 52. Bxf7 Rxf7 53. Rxg3 Rh7 54. Kd5 Kf8 
55. Kd6 Rh4 56. Kd5 Rh7 57. Rg6 Kf7 58. e5 fxe5 59. Ra6 Rh1 60. Kxe5 1/2-1/2

[Event "AUT_chT 2012/13"]
[Site "Hohenems"]
[Date "2013.03.23"]
[Round "10"]
[Board "4"]
[White "Bindrich, Falko"]
[Black "Rogic, Davor"]
[Result "1-0"]
[WhiteElo "2559"]
[BlackElo "2572"]
[PlyCount "73"]
[EventDate "2012.11.02"]
[EventType "team"]
[EventRounds "11"]
[EventCountry "AUT"]
[WhiteTeam "SK Hohenems"]
[BlackTeam "ASVOE Fundermax St.Veit"]

1. d4 d5 2. c4 c6 3. Nf3 Nf6 4. e3 Bf5 5. Nc3 e6 6. Nh4 Bg6 
7. Nxg6 hxg6 8. Bd3 Nbd7 9. O-O Be7 10. Bd2 Qc7 11. h3 g5 12. cxd5 exd5 
13. e4 dxe4 14. Nxe4 g4 15. Re1 gxh3 16. Qf3 hxg2 17. Bf4 Qa5 18. Kxg2 Kf8 
19. Rh1 Rg8 20. Rae1 Bb4 21. Nc5 Bxc5 22. dxc5 Qxc5 23. Qg3 Qd5+ 24. f3 g5 
25. Bd6+ Kg7 26. Re5 Qxd3 27. Rxg5+ Qg6 28. f4 Ne4 29. Rxg6+ fxg6 30. Rh7+ Kxh7 
31. Qh3+ Kg7 32. Qxd7+ Kh6 33. Be5 g5 34. Qh3+ Kg6 35. f5+ Kf7 36. Qh7+ Kf8 
37. f6 1-0

[Event "AUT_chT 2012/13"]
[Site "Hohenems"]
[Date "2013.03.23"]
[Round "10"]
[Board "5"]
[White "Hoelzl, Franz"]
[Black "Atlas, Valery"]
[Result "0-1"]
[WhiteElo "2334"]
[BlackElo "2448"]
[PlyCount "58"]
[EventDate "2012.11.02"]
[EventType "team"]
[EventRounds "11"]
[EventCountry "AUT"]
[WhiteTeam "ASVOE Fundermax St.Veit"]
[BlackTeam "SK Hohenems"]

1. g3 Nf6 2. Bg2 e6 3. e4 d5 4. e5 Nfd7 5. d4 c5 6. c3 Nc6 
7. Nf3 Be7 8. O-O O-O 9. Re1 b6 10. Nbd2 Ba6 11. a3 Bd3 12. b4 a5 
13. Re3 Ba6 14. Qa4 b5 15. Qc2 axb4 16. axb4 cxb4 17. cxb4 Nxb4 18. Qb1 Nb6 
19. Bf1 Nc4 20. Rb3 Nc6 21. h4 N6a5 22. Rba3 Nxa3 23. Bxa3 Nc4 24. Bb4 Bb7 
25. Rxa8 Bxa8 26. Bxe7 Qxe7 27. Qxb5 Qa3 28. Qb3 Qxb3 29. Nxb3 Bc6 0-1

[Event "AUT_chT 2012/13"]
[Site "Hohenems"]
[Date "2013.03.23"]
[Round "10"]
[Board "6"]
[White "Froewis, Georg"]
[Black "Hebesberger, Thomas"]
[Result "0-1"]
[WhiteElo "2409"]
[BlackElo "2331"]
[PlyCount "98"]
[EventDate "2012.11.02"]
[EventType "team"]
[EventRounds "11"]
[EventCountry "AUT"]
[WhiteTeam "SK Hohenems"]
[BlackTeam "ASVOE Fundermax St.Veit"]

1. g3 c5 2. Bg2 Nc6 3. c4 g6 4. Nc3 Bg7 5. e3 e5 6. Nge2 Nge7 
7. O-O d6 8. Nd5 Nxd5 9. cxd5 Ne7 10. d4 exd4 11. exd4 b6 12. b4 cxb4 
13. Qa4+ Qd7 14. Qxb4 O-O 15. Bf4 Rd8 16. Nc3 Ba6 17. Rfe1 Rac8 18. Rad1 Rc4 
19. Qa3 Rxd4 20. Rxd4 Bxd4 21. Ne4 Bb7 22. Bg5 Bxd5 23. Qd3 Bxe4 24. Rxe4 Qf5 
25. Qxd4 Qxg5 26. f4 Qd5 27. Qc3 Qd1+ 28. Bf1 Rc8 29. Qe3 Nf5 30. Qd3 Rc1 
31. Qxd1 Rxd1 32. g4 Nd4 33. Kf2 d5 34. Re7 a5 35. Rd7 Ne6 36. Ke2 Ra1 
37. f5 Rxa2+ 38. Kf3 Ra3+ 39. Kf2 Nc5 40. Rxd5 Kg7 41. Kg2 Ra2+ 42. Kg3 Rd2 
43. Re5 Kf6 44. Re8 gxf5 45. Rb8 f4+ 46. Kf3 Rxh2 47. Rxb6+ Ne6 48. Ra6 Ra2 
49. Bb5 Ke5 0-1

[Event "AUT_chT 2012/13"]
[Site "Hohenems"]
[Date "2013.03.23"]
[Round "10"]
[Board "3"]
[White "Schlosser, Philipp"]
[Black "Felsberger, Alfred"]
[Result "1-0"]
[WhiteElo "2579"]
[BlackElo "2366"]
[PlyCount "75"]
[EventDate "2012.11.02"]
[EventType "team"]
[EventRounds "11"]
[EventCountry "AUT"]
[WhiteTeam "SK Sparkasse Jenbach"]
[BlackTeam "Club 7 Ansfelden"]

1. d4 Nf6 2. c4 e6 3. Nc3 Bb4 4. Qc2 Nc6 5. Nf3 d6 6. a3 Bxc3+ 
7. Qxc3 O-O 8. b4 Re8 9. b5 Ne7 10. g3 c5 11. Bg2 cxd4 12. Nxd4 e5 
13. Nb3 Qc7 14. Bb2 Be6 15. Na5 Rab8 16. O-O Nd7 17. Rfd1 Nc5 18. a4 Red8 
19. Rd2 Nc8 20. Qb4 Nb6 21. Rc2 Rdc8 22. Bc1 Qe7 23. Be3 Rc7 24. Rd2 h5 
25. h4 Rd8 26. Kh2 Rdd7 27. Bg5 f6 28. Be3 Qf7 29. Rad1 Qf8 30. Rxd6 Rxd6 
31. Bxc5 Rxc5 32. Rxd6 Rxc4 33. Qd2 Rc2 34. Qxc2 Qxd6 35. Nxb7 Qd4 36. a5 Nc4 
37. e3 Qa1 38. Nd8 1-0

[Event "AUT_chT 2012/13"]
[Site "Hohenems"]
[Date "2013.03.23"]
[Round "10"]
[Board "4"]
[White "Moser, Guenter"]
[Black "Acs, Peter"]
[Result "0-1"]
[WhiteElo "2356"]
[BlackElo "2586"]
[PlyCount "66"]
[EventDate "2012.11.02"]
[EventType "team"]
[EventRounds "11"]
[EventCountry "AUT"]
[WhiteTeam "Club 7 Ansfelden"]
[BlackTeam "SK Sparkasse Jenbach"]

1. d4 Nf6 2. c4 e6 3. Nf3 d5 4. g3 dxc4 5. Bg2 a6 6. O-O Nc6 
7. e3 Bd7 8. Qe2 b5 9. Rd1 Bd6 10. e4 Be7 11. Bf4 O-O 12. Nc3 Re8 
13. Ne5 Rb8 14. Qf3 b4 15. Ne2 Na5 16. Nxd7 Nxd7 17. h4 Rb5 18. Rac1 Bd6 
19. Bg5 Qb8 20. Bf1 c5 21. Qg2 cxd4 22. Nxd4 Rc5 23. Be3 Rcc8 24. Be2 Nb6 
25. f4 Bc5 26. Qf2 Qb7 27. Nf3 Na4 28. Ne5 Bxe3 29. Qxe3 Rc7 30. Bxc4 Nxb2 
31. Bxa6 Rxc1 32. Qxc1 Qb6+ 33. Kg2 Nxd1 0-1

[Event "AUT_chT 2012/13"]
[Site "Hohenems"]
[Date "2013.03.23"]
[Round "10"]
[Board "6"]
[White "Knoll, Hermann"]
[Black "Lehner, Oliver"]
[Result "1-0"]
[WhiteElo "2302"]
[BlackElo "2446"]
[PlyCount "77"]
[EventDate "2012.11.02"]
[EventType "team"]
[EventRounds "11"]
[EventCountry "AUT"]
[WhiteTeam "Club 7 Ansfelden"]
[BlackTeam "SK Sparkasse Jenbach"]

1. Nf3 Nf6 2. c4 c5 3. b3 e6 4. g3 d5 5. Bg2 Nc6 6. O-O Be7 
7. Bb2 O-O 8. e3 Bd7 9. Qe2 Rc8 10. Rd1 Qc7 11. Nc3 dxc4 12. bxc4 Rfd8 
13. d3 a6 14. Ne1 Be8 15. f4 Na5 16. a4 Bc6 17. Nf3 Nd7 18. Qc2 b6 
19. Rab1 Bb7 20. Rf1 Nc6 21. Rbd1 Nb4 22. Qe2 Nb8 23. g4 N8c6 24. Ne4 Rd7 
25. g5 Qd8 26. Nf2 Bd6 27. Ba1 Bf8 28. h4 Ne7 29. Ne5 Bxg2 30. Kxg2 Rdc7 
31. Ne4 Nf5 32. Kh3 Nc6 33. Ng4 Be7 34. Rg1 Kf8 35. h5 Bd6 36. h6 gxh6 
37. Ngf6 e5 38. gxh6 Ke7 39. Nd5+ 1-0

[Event "AUT_chT 2012/13"]
[Site "Hohenems"]
[Date "2013.03.23"]
[Round "10"]
[Board "3"]
[White "Pilz, Dieter"]
[Black "Skoberne, Jure"]
[Result "0-1"]
[WhiteElo "2312"]
[BlackElo "2543"]
[PlyCount "106"]
[EventDate "2012.11.02"]
[EventType "team"]
[EventRounds "11"]
[EventCountry "AUT"]
[WhiteTeam "SK Absam"]
[BlackTeam "SV Raika Rapid Feffernitz"]

1. e4 d6 2. d4 Nf6 3. Nc3 g6 4. Nf3 Bg7 5. h3 O-O 6. Bc4 Nxe4 
7. Nxe4 d5 8. c3 dxc4 9. Qe2 Qd5 10. O-O Bf5 11. Re1 Nc6 12. Bf4 Rac8 
13. Rad1 Rfd8 14. Qe3 Bxe4 15. Qxe4 Qxe4 16. Rxe4 e6 17. Rde1 Rd5 18. Kf1 Na5 
19. Be5 c5 20. Bxg7 Kxg7 21. Re5 Rcd8 22. dxc5 Nc6 23. Rxd5 Rxd5 24. Ke2 Rxc5 
25. Rd1 Rb5 26. Rd2 Kf6 27. Kd1 Ke7 28. Kc2 Ra5 29. Kb1 Rf5 30. Kc2 g5 
31. Re2 b5 32. b3 cxb3+ 33. axb3 h5 34. Kd3 Rd5+ 35. Ke3 g4 36. hxg4 hxg4 
37. Nd4 Nxd4 38. cxd4 e5 39. Ra2 Rxd4 40. Rxa7+ Ke6 41. Rc7 Rb4 42. Rc3 f5 
43. g3 f4+ 44. gxf4 exf4+ 45. Kd2 Ke5 46. Rc5+ Kd4 47. Rg5 Rxb3 48. Rxg4 Ke4 
49. Rh4 Rb2+ 50. Ke1 Kf3 51. Rh3+ Kg2 52. Rh5 Rb1+ 53. Ke2 f3+ 0-1

[Event "AUT_chT 2012/13"]
[Site "Hohenems"]
[Date "2013.03.23"]
[Round "10"]
[Board "4"]
[White "Diermair, Andreas"]
[Black "De Francesco, Klaus"]
[Result "1-0"]
[WhiteElo "2429"]
[BlackElo "2236"]
[PlyCount "77"]
[EventDate "2012.11.02"]
[EventType "team"]
[EventRounds "11"]
[EventCountry "AUT"]
[WhiteTeam "SV Raika Rapid Feffernitz"]
[BlackTeam "SK Absam"]

1. c4 e5 2. Nc3 Nc6 3. g3 Bc5 4. Bg2 d6 5. e3 a6 6. Nge2 Ba7 
7. O-O h5 8. b4 h4 9. b5 axb5 10. cxb5 Nce7 11. Qa4 hxg3 12. hxg3 Nf6 
13. Ba3 O-O 14. Rfc1 Nd7 15. d4 exd4 16. Nxd4 Nb6 17. Qb3 Nd7 18. Na4 Bxd4 
19. exd4 Nf6 20. Nc3 Be6 21. d5 Nexd5 22. Nxd5 Nxd5 23. Qd3 Qd7 24. Bxd5 Bxd5 
25. Qxd5 Rxa3 26. Qxb7 Qg4 27. Kg2 Qd4 28. Rd1 Rd3 29. Rxd3 Qxd3 30. a4 d5 
31. Qxc7 Qd4 32. Rc1 Qxa4 33. b6 Qe4+ 34. Kg1 Qb4 35. b7 Kh7 36. Qc2+ g6 
37. Rb1 Qd6 38. Qc8 Qb8 39. Qxf8 1-0

[Event "AUT_chT 2012/13"]
[Site "Hohenems"]
[Date "2013.03.23"]
[Round "10"]
[Board "5"]
[White "Schmidlechner, Alexander"]
[Black "Schreiner, Peter"]
[Result "0-1"]
[WhiteElo "2304"]
[BlackElo "2442"]
[PlyCount "96"]
[EventDate "2012.11.02"]
[EventType "team"]
[EventRounds "11"]
[EventCountry "AUT"]
[WhiteTeam "SK Absam"]
[BlackTeam "SV Raika Rapid Feffernitz"]

1. d4 Nf6 2. c4 g6 3. Nc3 d5 4. Bg5 Ne4 5. Bh4 Nxc3 6. bxc3 dxc4 
7. Qa4+ Nd7 8. Qxc4 Bg7 9. Nf3 c5 10. e3 cxd4 11. exd4 O-O 12. Be2 Nb6 
13. Qc5 Re8 14. O-O Qd5 15. Qxd5 Nxd5 16. Bb5 Rd8 17. c4 Nf6 18. h3 Bd7 
19. Rab1 Rac8 20. Bg3 Ne4 21. Bh4 Bxb5 22. Rxb5 Rd7 23. Re1 Nd6 24. Rb4 Nf5 
25. Bg5 e6 26. Reb1 b6 27. c5 h6 28. Bf4 Nxd4 29. Nxd4 Bxd4 30. cxb6 Bxb6 
31. R4b2 g5 32. Be3 Bxe3 33. fxe3 Rc3 34. Kf2 Kg7 35. Re2 Rd5 36. g4 Ra5 
37. Rb7 Rca3 38. Rbb2 R5a4 39. Rbc2 Kg6 40. Rb2 h5 41. gxh5+ Kxh5 42. Rb7 Kg6 
43. Rbb2 f5 44. Kg2 Kh5 45. Rbc2 e5 46. Rb2 f4 47. exf4 exf4 48. Kh2 Kh4 
0-1

[Event "AUT_chT 2012/13"]
[Site "Hohenems"]
[Date "2013.03.23"]
[Round "10"]
[Board "6"]
[White "Hofer, Christian"]
[Black "Gerhold, Michael"]
[Result "1-0"]
[WhiteElo "1851"]
[BlackElo "2256"]
[PlyCount "99"]
[EventDate "2012.11.02"]
[EventType "team"]
[EventRounds "11"]
[EventCountry "AUT"]
[WhiteTeam "SV Raika Rapid Feffernitz"]
[BlackTeam "SK Absam"]

1. Nf3 d5 2. d4 Nf6 3. g3 Bg4 4. Bg2 e6 5. O-O Bxf3 6. Bxf3 Nbd7 
7. c4 c6 8. Qc2 Be7 9. b3 O-O 10. Bb2 a5 11. Nd2 a4 12. e4 dxe4 
13. Nxe4 Nxe4 14. Bxe4 Nf6 15. Bg2 Qa5 16. Rac1 h6 17. Rfe1 Rfd8 18. Bc3 Bb4 
19. Re5 Qb6 20. c5 Qa5 21. Bb2 Ra7 22. h3 Rda8 23. Rd1 axb3 24. axb3 Qd8 
25. g4 Ra2 26. Qb1 Nd7 27. Re3 Nf8 28. Be4 Qf6 29. Rdd3 Qf4 30. Bg2 Ng6 
31. Re4 Qg5 32. d5 Bxc5 33. dxe6 fxe6 34. b4 Bf8 35. Rxe6 Nf4 36. Re5 Qh4 
37. Rf3 Nd5 38. Rh5 Qe7 39. Be5 Re2 40. Qf5 Re1+ 41. Bf1 Re8 42. Qg6 Rxe5 
43. Rxh6 Nf6 44. Bc4+ Rd5 45. Rxf6 Qxf6 46. Qh7+ Kf7 47. Rxf6+ Kxf6 48. Bxd5 cxd5 
49. Qf5+ Ke7 50. Qxd5 1-0

[Event "AUT_chT 2012/13"]
[Site "Hohenems"]
[Date "2013.03.24"]
[Round "11"]
[Board "1"]
[White "Lenic, Luka"]
[Black "Shengelia, David"]
[Result "1/2-1/2"]
[WhiteElo "2618"]
[BlackElo "2529"]
[PlyCount "82"]
[EventDate "2012.11.02"]
[EventType "team"]
[EventRounds "11"]
[EventCountry "AUT"]
[WhiteTeam "SV Raika Rapid Feffernitz"]
[BlackTeam "SK Advisory Invest Baden"]

1. d4 Nf6 2. c4 e6 3. Nc3 Bb4 4. e3 b6 5. Nge2 Ba6 6. a3 Bxc3+ 
7. Nxc3 d5 8. b3 O-O 9. Be2 Nc6 10. O-O Na5 11. Rb1 Qc8 12. cxd5 exd5 
13. b4 Bxe2 14. Qxe2 Nb7 15. b5 a6 16. a4 axb5 17. Qxb5 Qe6 18. Ba3 Rfc8 
19. Bb4 Na5 20. Bxa5 Rxa5 21. Qb3 h5 22. Rfc1 h4 23. h3 Qf5 24. Qd1 Ne4 
25. Qc2 Qe6 26. Nxe4 dxe4 27. Rb5 Rxb5 28. axb5 Qd5 29. Qc6 Qxc6 30. Rxc6 Kf8 
31. f3 exf3 32. gxf3 Ke7 33. d5 Kd7 34. f4 g5 35. Rf6 gxf4 36. Rxf7+ Kd6 
37. Rxf4 Kc5 38. Rxh4 Kxb5 39. Rh6 Kc5 40. e4 Kd4 41. d6 cxd6 1/2-1/2

[Event "AUT_chT 2012/13"]
[Site "Hohenems"]
[Date "2013.03.24"]
[Round "11"]
[Board "2"]
[White "Tuncer, Ufuk"]
[Black "Sebenik, Matej"]
[Result "1/2-1/2"]
[WhiteElo "2313"]
[BlackElo "2537"]
[PlyCount "50"]
[EventDate "2012.11.02"]
[EventType "team"]
[EventRounds "11"]
[EventCountry "AUT"]
[WhiteTeam "SK Advisory Invest Baden"]
[BlackTeam "SV Raika Rapid Feffernitz"]

1. e4 d6 2. d4 Nf6 3. f3 e5 4. d5 Be7 5. Be3 O-O 6. Qd2 c6 
7. c4 a6 8. Nc3 Bd7 9. Bd3 b5 10. Nge2 b4 11. Nd1 a5 12. Nf2 Na6 
13. Ng3 Rc8 14. Rc1 Nc5 15. Bb1 Re8 16. O-O cxd5 17. exd5 g6 18. Nd3 Nxd3 
19. Bxd3 Qc7 20. Ne4 Nxe4 21. fxe4 Rf8 22. Bh6 Qc5+ 23. Be3 Qc7 24. Bh6 Qc5+ 
25. Be3 Qc7 1/2-1/2

[Event "AUT_chT 2012/13"]
[Site "Hohenems"]
[Date "2013.03.24"]
[Round "11"]
[Board "5"]
[White "Schreiner, Peter"]
[Black "Brandner, Stefan"]
[Result "1-0"]
[WhiteElo "2442"]
[BlackElo "2271"]
[PlyCount "39"]
[EventDate "2012.11.02"]
[EventType "team"]
[EventRounds "11"]
[EventCountry "AUT"]
[WhiteTeam "SV Raika Rapid Feffernitz"]
[BlackTeam "SK Advisory Invest Baden"]

1. d4 d5 2. c4 e6 3. Nf3 f5 4. g3 Nf6 5. Bg2 Bd6 6. O-O O-O 
7. Nc3 Nc6 8. Bg5 dxc4 9. Qa4 Nb4 10. Qb5 Bd7 11. Qxc4 Qe8 12. Ne5 Rb8 
13. Nxd7 Qxd7 14. a3 b5 15. Qb3 Na6 16. a4 b4 17. Nb5 Be7 18. Nxa7 Rb6 
19. a5 Rd6 20. Qc4 1-0

[Event "AUT_chT 2012/13"]
[Site "Hohenems"]
[Date "2013.03.24"]
[Round "11"]
[Board "6"]
[White "Dzierzenga, Stefan"]
[Black "Koefeler, Christian"]
[Result "1/2-1/2"]
[WhiteElo "2191"]
[BlackElo "2016"]
[PlyCount "68"]
[EventDate "2012.11.02"]
[EventType "team"]
[EventRounds "11"]
[EventCountry "AUT"]
[WhiteTeam "SK Advisory Invest Baden"]
[BlackTeam "SV Raika Rapid Feffernitz"]

1. e4 c5 2. Nf3 Nc6 3. d4 cxd4 4. Nxd4 g6 5. Nc3 Bg7 6. Be3 Nf6 
7. Bc4 Qa5 8. O-O O-O 9. Bb3 d6 10. f3 Bd7 11. Qd2 Nxd4 12. Bxd4 Bc6 
13. Rad1 Rfd8 14. Rfe1 Nd7 15. Nd5 Bxd4+ 16. Qxd4 Bxd5 17. exd5 Re8 18. Qh4 Qc5+ 
19. Kf1 Nf6 20. Rd3 Rac8 21. Re2 Qa5 22. Qd4 Qc5 23. Qa4 b5 24. Qa6 Nd7 
25. Rc3 Qb6 26. Rxc8 Qxa6 27. Rxe8+ Kg7 28. R8xe7 Nc5 29. c3 b4 30. c4 Nxb3 
31. axb3 Qa1+ 32. Kf2 Qd1 33. R7e3 a5 34. g3 Qh1 1/2-1/2

[Event "AUT_chT 2012/13"]
[Site "Hohenems"]
[Date "2013.03.24"]
[Round "11"]
[Board "1"]
[White "Babula, Vlastimil"]
[Black "Rotstein, Arkadij"]
[Result "1/2-1/2"]
[WhiteElo "2585"]
[BlackElo "2506"]
[PlyCount "81"]
[EventDate "2012.11.02"]
[EventType "team"]
[EventRounds "11"]
[EventCountry "AUT"]
[WhiteTeam "Club 7 Ansfelden"]
[BlackTeam "SK Absam"]

1. d4 g6 2. c4 Bg7 3. e4 d6 4. Nc3 e5 5. Nf3 exd4 6. Nxd4 Nc6 
7. Be3 Nge7 8. h4 f5 9. h5 fxe4 10. hxg6 hxg6 11. Rxh8+ Bxh8 12. Nxe4 Qd7 
13. Qd2 Nf5 14. Nxf5 Qxf5 15. f3 Qe5 16. O-O-O Bf5 17. Bf4 Qa5 18. Qxa5 Nxa5 
19. c5 Bxe4 20. fxe4 Be5 21. Bd2 Nc6 22. cxd6 Bxd6 23. Bb5 O-O-O 24. Bxc6 bxc6 
25. Bc3 Re8 26. Re1 Kd7 27. Kc2 Be5 28. Rd1+ Ke6 29. Bxe5 Kxe5 30. Rd7 Kxe4 
31. Rxc7 Kd5 32. Kd3 a6 33. Ra7 Re5 34. Rxa6 Rg5 35. Ra5+ c5 36. b4 Rg3+ 
37. Ke2 Rxg2+ 38. Kf3 Rc2 39. Rxc5+ Rxc5 40. bxc5 Kxc5 41. Ke4 1/2-1/2

[Event "AUT_chT 2012/13"]
[Site "Hohenems"]
[Date "2013.03.24"]
[Round "11"]
[Board "3"]
[White "Felsberger, Alfred"]
[Black "Pilz, Dieter"]
[Result "1/2-1/2"]
[WhiteElo "2366"]
[BlackElo "2312"]
[PlyCount "63"]
[EventDate "2012.11.02"]
[EventType "team"]
[EventRounds "11"]
[EventCountry "AUT"]
[WhiteTeam "Club 7 Ansfelden"]
[BlackTeam "SK Absam"]

1. e4 e5 2. Nf3 Nc6 3. Bc4 Nf6 4. d3 Bc5 5. O-O d6 6. c3 Bb6 
7. Bb3 h6 8. Nbd2 a6 9. Nc4 Ba7 10. Be3 O-O 11. Bxa7 Rxa7 12. Re1 Ra8 
13. h3 Re8 14. a4 Bd7 15. a5 Ne7 16. Nh4 g5 17. Nf3 Ng6 18. Ne3 Kg7 
19. Nh2 Rh8 20. f3 h5 21. d4 Nf4 22. Bc4 Rh7 23. b4 Kh8 24. dxe5 dxe5 
25. Nf5 Qc8 26. Qc2 Be6 27. Bxe6 Qxe6 28. Rad1 Rg8 29. Rd2 g4 30. fxg4 hxg4 
31. hxg4 b6 32. g3 1/2-1/2

[Event "AUT_chT 2012/13"]
[Site "Hohenems"]
[Date "2013.03.24"]
[Round "11"]
[Board "4"]
[White "De Francesco, Klaus"]
[Black "Moser, Guenter"]
[Result "1/2-1/2"]
[WhiteElo "2236"]
[BlackElo "2356"]
[PlyCount "59"]
[EventDate "2012.11.02"]
[EventType "team"]
[EventRounds "11"]
[EventCountry "AUT"]
[WhiteTeam "SK Absam"]
[BlackTeam "Club 7 Ansfelden"]

1. d4 Nf6 2. c4 e6 3. Nf3 d5 4. Nc3 Be7 5. Bg5 O-O 6. e3 Nbd7 
7. Bd3 c6 8. O-O dxc4 9. Bxc4 Nd5 10. Bxe7 Qxe7 11. e4 Nxc3 12. bxc3 e5 
13. Bd3 b6 14. Re1 Bb7 15. Qb3 Rab8 16. Rad1 Rfe8 17. Bb1 g6 18. a4 Ba6 
19. Ba2 Rb7 20. Qb2 Qf6 21. Qc1 Kg7 22. h4 h6 23. Re3 c5 24. h5 Qf4 
25. hxg6 fxg6 26. Bd5 Rc7 27. dxe5 Nxe5 28. Nxe5 Qxe5 29. Rh3 g5 30. Qe3 1/2-1/2

[Event "AUT_chT 2012/13"]
[Site "Hohenems"]
[Date "2013.03.24"]
[Round "11"]
[Board "5"]
[White "Ennsberger, Ulrich"]
[Black "Schmidlechner, Alexander"]
[Result "1-0"]
[WhiteElo "2368"]
[BlackElo "2304"]
[PlyCount "27"]
[EventDate "2012.11.02"]
[EventType "team"]
[EventRounds "11"]
[EventCountry "AUT"]
[WhiteTeam "Club 7 Ansfelden"]
[BlackTeam "SK Absam"]

1. e4 c5 2. Nc3 Nc6 3. f4 g6 4. Bc4 Bg7 5. Nf3 d6 6. O-O e6 
7. f5 exf5 8. d3 Nge7 9. Qe1 O-O 10. Qh4 Qd7 11. Bh6 a6 12. Ng5 Ne5 
13. Bxg7 Kxg7 14. exf5 1-0

[Event "AUT_chT 2012/13"]
[Site "Hohenems"]
[Date "2013.03.24"]
[Round "11"]
[Board "6"]
[White "Gerhold, Michael"]
[Black "Knoll, Hermann"]
[Result "1/2-1/2"]
[WhiteElo "2256"]
[BlackElo "2302"]
[PlyCount "83"]
[EventDate "2012.11.02"]
[EventType "team"]
[EventRounds "11"]
[EventCountry "AUT"]
[WhiteTeam "SK Absam"]
[BlackTeam "Club 7 Ansfelden"]

1. Nf3 d6 2. d4 Nf6 3. c4 Nbd7 4. Nc3 e5 5. e4 Be7 6. Be2 O-O 
7. O-O Re8 8. d5 Nc5 9. Qc2 a5 10. Be3 Bf8 11. Nd2 g6 12. b3 Bg7 
13. a3 Ng4 14. Bxg4 Bxg4 15. b4 Na6 16. Rab1 axb4 17. axb4 f5 18. f3 f4 
19. Bf2 Bh5 20. c5 g5 21. g4 fxg3 22. hxg3 g4 23. f4 exf4 24. gxf4 g3 
25. Bxg3 dxc5 26. e5 cxb4 27. Nce4 Qxd5 28. Ng5 Qc5+ 29. Qxc5 Nxc5 30. Rxb4 Be2 
31. Rfb1 Bd3 32. Rc1 Bf8 33. Bf2 b6 34. Rd4 Red8 35. Rxd8 Rxd8 36. Kg2 Bf5 
37. Nf1 h6 38. Ng3 Bc8 39. Bxc5 hxg5 40. Bxf8 gxf4 41. Rxc7 Kxf8 42. Nh5 1/2-1/2

[Event "AUT_chT 2012/13"]
[Site "Hohenems"]
[Date "2013.03.24"]
[Round "11"]
[Board "1"]
[White "Baramidze, David"]
[Black "Volokitin, Andrei"]
[Result "1-0"]
[WhiteElo "2612"]
[BlackElo "2725"]
[PlyCount "65"]
[EventDate "2012.11.02"]
[EventType "team"]
[EventRounds "11"]
[EventCountry "AUT"]
[WhiteTeam "SK Hohenems"]
[BlackTeam "SK Sparkasse Jenbach"]

1. e4 c5 2. Nf3 d6 3. Bb5+ Nd7 4. c3 Ngf6 5. Qe2 Qc7 6. O-O a6 
7. Ba4 c4 8. Bc2 e6 9. b3 b5 10. Na3 Nb6 11. d4 d5 12. exd5 Nfxd5 
13. bxc4 bxc4 14. Ne5 Bd6 15. Naxc4 Nxc4 16. Nxc4 Bxh2+ 17. Kh1 O-O 18. g3 Bxg3 
19. fxg3 Qxg3 20. Rg1 Qh3+ 21. Qh2 Qf3+ 22. Rg2 g6 23. Bh6 Qxc3 24. Rag1 Qxc4 
25. Qe5 f6 26. Bxg6 hxg6 27. Rxg6+ Kf7 28. Qd6 Qb4 29. Rxf6+ Kxf6 30. Rf1+ Kg6 
31. Qg3+ Kxh6 32. Rg1 Nf4 33. Qg5+ 1-0

[Event "AUT_chT 2012/13"]
[Site "Hohenems"]
[Date "2013.03.24"]
[Round "11"]
[Board "2"]
[White "Bauer, Christian"]
[Black "Naumann, Alexander"]
[Result "1/2-1/2"]
[WhiteElo "2633"]
[BlackElo "2540"]
[PlyCount "59"]
[EventDate "2012.11.02"]
[EventType "team"]
[EventRounds "11"]
[EventCountry "AUT"]
[WhiteTeam "SK Sparkasse Jenbach"]
[BlackTeam "SK Hohenems"]

1. e4 e5 2. Nf3 Nc6 3. Bc4 Bc5 4. d3 Nf6 5. O-O O-O 6. Re1 h6 
7. Nbd2 d6 8. c3 Bb6 9. Nf1 Ne7 10. Ng3 Ng6 11. Bb3 c6 12. d4 Re8 
13. h3 Bc7 14. Bc2 d5 15. dxe5 Nxe4 16. Nxe4 dxe4 17. Qxd8 Rxd8 18. Bxe4 Nxe5 
19. Nxe5 Bxe5 20. Bc2 Bf6 21. Bb3 Bf5 22. Be3 h5 23. Rad1 Rxd1 24. Rxd1 a6 
25. Rd2 Rd8 26. Rxd8+ Bxd8 27. Bd1 g6 28. Kf1 Be6 29. a3 Kf8 30. Bc5+ 1/2-1/2

[Event "AUT_chT 2012/13"]
[Site "Hohenems"]
[Date "2013.03.24"]
[Round "11"]
[Board "3"]
[White "Bindrich, Falko"]
[Black "Acs, Peter"]
[Result "0-1"]
[WhiteElo "2559"]
[BlackElo "2586"]
[PlyCount "124"]
[EventDate "2012.11.02"]
[EventType "team"]
[EventRounds "11"]
[EventCountry "AUT"]
[WhiteTeam "SK Hohenems"]
[BlackTeam "SK Sparkasse Jenbach"]

1. Nf3 d5 2. d4 Nf6 3. c4 e6 4. Nc3 dxc4 5. e3 a6 6. a4 c5 
7. Bxc4 Nc6 8. O-O Be7 9. Qe2 cxd4 10. Rd1 e5 11. exd4 exd4 12. Nxd4 Nxd4 
13. Qe5 Qd6 14. Qxd4 Qxd4 15. Rxd4 Bc5 16. Rd1 O-O 17. Bg5 Be6 18. Bxe6 fxe6 
19. Rd2 e5 20. Be3 Bb4 21. Rd3 Rfd8 22. Rad1 Rxd3 23. Rxd3 Kf7 24. Na2 Be7 
25. Kf1 b5 26. axb5 axb5 27. Nc3 b4 28. Nd1 Ke6 29. Ke2 Nd5 30. Rd2 Rc8 
31. Kf3 h5 32. Ke4 Rc4+ 33. Kd3 Rc1 34. Ke4 Nf6+ 35. Kf3 Rc4 36. Ke2 Ne4 
37. Rd3 Rc2+ 38. Kf3 Nd6 39. Rd2 b3 40. Nc3 Nc4 41. Rxc2 bxc2 42. Bc1 Na5 
43. Na2 Nb3 44. Be3 Kf5 45. Ke2 Bg5 46. Bxg5 Kxg5 47. Kd3 c1=Q 48. Nxc1 Nxc1+ 
49. Kc4 e4 50. b4 Nd3 51. b5 Nxf2 52. Kd4 Kf5 53. b6 Nd3 54. b7 Ne5 
55. b8=N Kf4 56. g3+ Kf5 57. h3 h4 58. gxh4 Kf4 59. Na6 e3 60. Nb4 e2 
61. Nc2 Nf3+ 62. Kd5 Kf5 0-1